Encyclopaedic history of science and technology / (Record no. 136379)

MARC details
000 -LEADER
fixed length control field 01236nam a22002177a 4500
010 ## - LIBRARY OF CONGRESS CONTROL NUMBER
LC control number A-702046
020 ## - INTERNATIONAL STANDARD BOOK NUMBER
International Standard Book Number 8170418453
Terms of availability 00.00
035 ## - SYSTEM CONTROL NUMBER
System control number A-702046
037 ## - SOURCE OF ACQUISITION
Stock number Cen Lib/Ret
040 ## - CATALOGING SOURCE
Original cataloging agency DPL
Language of cataloging EN
082 ## - DEWEY DECIMAL CLASSIFICATION NUMBER
Classification number 509
Item number ENC
245 ## - TITLE STATEMENT
Title Encyclopaedic history of science and technology /
Statement of responsibility, etc edited by G. R. Chhatwal
260 ## - PUBLICATION, DISTRIBUTION, ETC. (IMPRINT)
Place of publication, distribution, etc New Delhi
Name of publisher, distributor, etc Anmol Publications
Date of publication, distribution, etc 1994
270 ## - ADDRESS
Address 4374 / 4B, Ansari Road, Daryaganj
City New Delhi
Postal code 110002
300 ## - PHYSICAL DESCRIPTION
Extent 12 v. ; v 1. 250 ; v 2. 251-310 ; v 3.311-548 ; v 4.1-314 ; v 5. 325 ; v 6. 326-620 ; v 7. 280 ; v 8. 281-547 ; v 9. 548-764 ; v 10.766- 982 ; v 11. 284 ; v 12. 286-576p )
Other physical details 22cm.
500 ## - GENERAL NOTE
General note 12 v. ; v 1. History of science ; v 2. History of biology ; v 3. History of biology ; v 4. History of chemistry ; v 5. History of mathematics and computer science ; v 6 History of mathematics and computer science ; v 7. History of physics ; v 8. History of physics ; v 9. History of physics ; v 10. History of physics ; v 11. History of technology ; v 12. History of Technology<br/><br/><br/><br/><br/><br/>
650 ## - SUBJECT ADDED ENTRY--TOPICAL TERM
Topical term or geographic name as entry element Science -- History -- Encyclopedias.
650 ## - SUBJECT ADDED ENTRY--TOPICAL TERM
Topical term or geographic name as entry element Technology -- History -- Encyclopedias.
700 ## - ADDED ENTRY--PERSONAL NAME
Personal name Chhatwal, G. R.
942 ## - ADDED ENTRY ELEMENTS (KOHA)
Source of classification or shelving scheme Dewey Decimal Classification
Koha item type English Books
Classification part 509
Call number suffix ENC
Holdings
Withdrawn status Lost status Materials specified (bound volume or other part) Damaged status Not for loan Collection code Home library Current library Date acquired Source of acquisition Cost, normal purchase price Total Checkouts Full call number Barcode Date last seen Copy number Cost, replacement price Price effective from Koha item type
    v.1   Not For Loan Reference Central Library Central Library 29/02/2016 Cen Lib/Ret 0.00   509 ENC A-702046 29/02/2016 1 0.00 29/02/2016 English Books
    v.2   Not For Loan Reference Central Library Central Library 29/02/2016 Cen Lib/Ret 0.00   509 ENC A-702047 29/02/2016 2 0.00 29/02/2016 English Books
    v.3   Not For Loan Reference Central Library Central Library 29/02/2016 Cen Lib/Ret 0.00   509 ENC A-702048 29/02/2016 3 0.00 29/02/2016 English Books
    v.4   Not For Loan Reference Central Library Central Library 29/02/2016 Cen Lib/Ret 0.00   509 ENC A-702049 29/02/2016 4 0.00 29/02/2016 English Books
    v.5   Not For Loan Reference Central Library Central Library 29/02/2016 Cen Lib/Ret 0.00   509 ENC A-702050 29/02/2016 5 0.00 29/02/2016 English Books
    v.6   Not For Loan Reference Central Library Central Library 29/02/2016 Cen Lib/Ret 0.00   509 ENC A-702051 29/02/2016 6 0.00 29/02/2016 English Books
    v.7   Not For Loan Reference Central Library Central Library 29/02/2016 Cen Lib/Ret 0.00   509 ENC A-702052 29/02/2016 7 0.00 29/02/2016 English Books
    v.8   Not For Loan Reference Central Library Central Library 29/02/2016 Cen Lib/Ret 0.00   509 ENC A-702053 29/02/2016 8 0.00 29/02/2016 English Books
    v.9   Not For Loan Reference Central Library Central Library 29/02/2016 Cen Lib/Ret 0.00   509 ENC A-702054 29/02/2016 9 0.00 29/02/2016 English Books
    v.10   Not For Loan Reference Central Library Central Library 29/02/2016 Cen Lib/Ret 0.00   509 ENC A-702055 29/02/2016 10 0.00 29/02/2016 English Books
    v.11   Not For Loan Reference Central Library Central Library 29/02/2016 Cen Lib/Ret 0.00   509 ENC A-702056 29/02/2016 11 0.00 29/02/2016 English Books
    v 12   Not For Loan Reference Central Library Central Library 11/03/2016 Cen Lib/Ret 0.00   509 ENC A-702057 11/03/2016 1 0.00 11/03/2016 English Books

© Delhi Public Library
Hit Counter
free hit counter